| 000 | 01929cam a2200517 a 4500 | ||
|---|---|---|---|
| 001 | 20706 | ||
| 003 | VRT | ||
| 005 | 20260130114254.0 | ||
| 008 | 240322s1996 xo gr 000 f slo | ||
| 015 | _aSNBA1997/0501448 | ||
| 020 |
_a8022007129 _q(viazané) |
||
| 035 | _aSNK000170694 | ||
| 039 | 9 |
_a202403221342 _bVLOAD _c202402261941 _dVLOAD _c202302171029 _dmsnk116 _c202302171027 _dmsnk116 |
|
| 040 |
_aSNK _bslo _cSNK _eAACR2 |
||
| 041 | 1 |
_aslo _heng |
|
| 044 |
_axo _cSK |
||
| 072 | 7 |
_a821.111(73)-3 _xAmerická próza _2konspekt |
|
| 080 |
_a821.111(73)-31 _22011 |
||
| 080 |
_a(0:82-312.4) _22011 |
||
| 100 | 1 |
_aMcBain, Ed, _d1926-2005 _4aut |
|
| 240 | 1 | 0 |
_aGhosts _lSlovensky |
| 245 | 1 | 0 |
_aDuchovia _cEd McBain ; [z anglického originálu preložila Zuzana Vilikovská] |
| 250 | _a1. vydanie | ||
| 260 |
_aBratislava _bSlovenský spisovateľ _cc1996 |
||
| 300 |
_a163 s. _c21 cm |
||
| 490 | 1 | _aZelená knižnica | |
| 500 | _aÚdaj o preklade prevzatý z rubu titulnej strany | ||
| 655 | 7 |
_aAmerican novels _2SNKPHeng |
|
| 655 | 7 |
_aamerické romány _2SNKPH |
|
| 655 | 7 |
_adetektívne romány _2SNKPH |
|
| 655 | 7 |
_aDetective novels _2SNKPHeng |
|
| 700 | 1 |
_aVilikovská, Zuzana _4trl |
|
| 830 | 0 | _aZelená knižnica | |
| 910 | _asnk | ||
| 911 |
_aKN 1997/05 _b01448 |
||
| 942 |
_2ddc _cKLDO _n0 |
||
| 949 |
_6273K0229519 _asvkpoA 169094 _bsvkpo420619 |
||
| 949 |
_6270001000046541 _asvkbbA 92498 _bsvkbbm 606273 |
||
| 949 |
_asnkC 22 _bsnk41/970115 |
||
| 949 |
_617A0028316 _asnkSC 91979 _bsnkKSP 177/97 _s6100:20230227 _s6101:20151012 |
||
| 949 |
_617A0028315 _asnkSC 91979 D1 _bsnkKSP 178/97 |
||
| 949 |
_60174015891 _aleskn 11316 _blesknBOD9079 _o[DE] <BD> _s6720:20190911 |
||
| 949 |
_60174015892 _aleskn 11316 _blesknBOD9080 _o[DE] <BD> _qKniha do skladu. |
||
| 949 |
_60174015893 _aleskn 11316 _blesknBOD9081 _o[DE] <BD> _s6720:20190911 |
||
| 949 |
_60174015894 _aleskn 11316 _blesknBOD9082 _o[DE] <BD> _qKniha do skladu. |
||
| 999 |
_c20706 _d20706 |
||